La Estructura de protección a la industria costarricense /

Gardado en:
Detalles Bibliográficos
Autor Principal: Taylor Dormond, Marvin
Formato: Texto
Etiquetas: Engadir etiqueta
Sen Etiquetas, Sexa o primeiro en etiquetar este rexistro!

MARC

LEADER 00000 a a2200000 04500
001 3079
003
040
100 |a Taylor Dormond, Marvin  
245 |a La Estructura de protección a la industria costarricense /  |c Marvin Taylor Dormond 
773 |g volumen 4, número 2; páginas 43-56  
999 |c 27728  |d 27728